000 00358nam a22001457a 4500
003 MACL
005 20190628161016.0
008 190628b xxu||||| |||| 00| 0 eng d
040 _cMACL
100 _aVohra,B.L.
_975656
245 _aTipes For Personality Development
260 _aDelhi
_bK.K. Pub.
_c2017
650 _aMotivational
_917686
942 _2ddc
_cBK
999 _c60341
_d60341